LEADER 05786nam 22008295 450 001 996465683503316 005 20230221225633.0 010 $a1-280-38846-3 010 $a9786613566386 010 $a3-642-15297-X 024 7 $a10.1007/978-3-642-15297-9 035 $a(CKB)2670000000045047 035 $a(SSID)ssj0000446475 035 $a(PQKBManifestationID)11249936 035 $a(PQKBTitleCode)TC0000446475 035 $a(PQKBWorkID)10496508 035 $a(PQKB)11381528 035 $a(DE-He213)978-3-642-15297-9 035 $a(MiAaPQ)EBC3065790 035 $a(PPN)149024665 035 $a(EXLCZ)992670000000045047 100 $a20100906d2010 u| 0 101 0 $aeng 135 $aurnn|008mamaa 181 $ctxt 182 $cc 183 $acr 200 10$aFormal Modeling and Analysis of Timed Systems$b[electronic resource] $e8th International Conference, FORMATS 2010, Klosterneuburg, Austria, September 8-10, 2010, Proceedings /$fedited by Krishnendu Chatterjee, Thomas A. Henzinger 205 $a1st ed. 2010. 210 1$aBerlin, Heidelberg :$cSpringer Berlin Heidelberg :$cImprint: Springer,$d2010. 215 $a1 online resource (X, 257 p. 55 illus.) 225 1 $aTheoretical Computer Science and General Issues,$x2512-2029 ;$v6246 300 $aBibliographic Level Mode of Issuance: Monograph 311 $a3-642-15296-1 320 $aIncludes bibliographical references and index. 327 $aInterdisciplinary Foundations for Open Cyber-Physical Systems -- Safraless Procedures for Timed Specifications -- Property-Based Monitoring of Analog and Mixed-Signal Systems -- A Framework for Verification of Software with Time and Probabilities -- Synchrony and Time in Fault-Tolerant Distributed Algorithms -- Reconciling Urgency and Variable Abstraction in a Hybrid Compositional Setting -- Computing Equilibria in Two-Player Timed Games via Turn-Based Finite Games -- Natural Domain SMT: A Preliminary Assessment -- Robust Satisfaction of Temporal Logic over Real-Valued Signals -- Combining Symbolic Representations for Solving Timed Games -- Expected Reachability-Time Games -- Diagnosis Using Unfoldings of Parametric Time Petri Nets -- From Mtl to Deterministic Timed Automata -- Unambiguity in Timed Regular Languages: Automata and Logics -- A Process Algebraic Framework for Modeling Resource Demand and Supply -- Memory Event Clocks -- Simulation and Bisimulation for Probabilistic Timed Automata -- Layered Composition for Timed Automata -- A Conformance Testing Relation for Symbolic Timed Automata. 330 $aThis volume contains the papers that were presented at the 8th International Conference on Formal Modeling and Analysis of Timed Systems (FORMATS 2010), held September 8?10, 2010, at IST (Institute of Science and Technology) Austria, in Klosterneuburg, Austria. The modeling andanalysis oftiming aspects of systems is a keyproblem that has been treated independently in several di?erent communities in computer science and related areas. Researchers interested in semantics, veri?cation, re- timescheduling,andperformanceanalysisstudymodelssuchastimedautomata and timed Petri nets, the digital design community focuses on propagation and switching delays, and designers of embedded controllers need to take into - count the time requiredby controllersto compute their responses after sampling the environment. Although the timing-related questions in these separate c- munities have their own speci?c nature, there is a growing awareness that there are basic problems that are common to all of them. In particular, all of these disciplines model and analyze systems whose behavior depends on combinations of logical and timing constraints between occurrences of events. The aim of FORMATS is to promote the study of fundamental and practical aspects of timed systems, and to bring together researchers from di?erent d- ciplines that share an interest in the modeling and analysis of timed systems. Typical topics include (but are not limited to): ? Foundations and Semantics: theoretical foundations of timed systems and languages; comparison between di?erent models (timed automata, timed Petri nets, hybrid automata, timed process algebra,max-plus algebra, pr- abilistic models). 410 0$aTheoretical Computer Science and General Issues,$x2512-2029 ;$v6246 606 $aComputer science 606 $aSystem theory 606 $aControl theory 606 $aComputer programming 606 $aSoftware engineering 606 $aCompilers (Computer programs) 606 $aMachine theory 606 $aComputer Science Logic and Foundations of Programming 606 $aSystems Theory, Control 606 $aProgramming Techniques 606 $aSoftware Engineering 606 $aCompilers and Interpreters 606 $aFormal Languages and Automata Theory 615 0$aComputer science. 615 0$aSystem theory. 615 0$aControl theory. 615 0$aComputer programming. 615 0$aSoftware engineering. 615 0$aCompilers (Computer programs). 615 0$aMachine theory. 615 14$aComputer Science Logic and Foundations of Programming. 615 24$aSystems Theory, Control . 615 24$aProgramming Techniques. 615 24$aSoftware Engineering. 615 24$aCompilers and Interpreters. 615 24$aFormal Languages and Automata Theory. 676 $a004.01/51 702 $aChatterjee$b Krishnendu$4edt$4http://id.loc.gov/vocabulary/relators/edt 702 $aHenzinger$b Thomas A$4edt$4http://id.loc.gov/vocabulary/relators/edt 712 12$aFORMATS 2010 906 $aBOOK 912 $a996465683503316 996 $aFormal Modeling and Analysis of Timed Systems$9772562 997 $aUNISA LEADER 04510nam 22008775 450 001 9910484135303321 005 20251226203227.0 010 $a3-319-50832-6 024 7 $a10.1007/978-3-319-50832-0 035 $a(CKB)3710000001006515 035 $a(DE-He213)978-3-319-50832-0 035 $a(MiAaPQ)EBC6296799 035 $a(MiAaPQ)EBC5595060 035 $a(Au-PeEL)EBL5595060 035 $a(OCoLC)967941409 035 $a(PPN)197455263 035 $a(EXLCZ)993710000001006515 100 $a20161209d2016 u| 0 101 0 $aeng 135 $aurnn|008mamaa 181 $ctxt$2rdacontent 182 $cc$2rdamedia 183 $acr$2rdacarrier 200 10$aAdvances in Visual Computing $e12th International Symposium, ISVC 2016, Las Vegas, NV, USA, December 12-14, 2016, Proceedings, Part II /$fedited by George Bebis, Richard Boyle, Bahram Parvin, Darko Koracin, Fatih Porikli, Sandra Skaff, Alireza Entezari, Jianyuan Min, Daisuke Iwai, Amela Sadagic, Carlos Scheidegger, Tobias Isenberg 205 $a1st ed. 2016. 210 1$aCham :$cSpringer International Publishing :$cImprint: Springer,$d2016. 215 $a1 online resource (XXXVI, 631 p. 307 illus.) 225 1 $aImage Processing, Computer Vision, Pattern Recognition, and Graphics,$x3004-9954 ;$v10073 311 08$a3-319-50831-8 327 $aComputer graphics.-Applications -- Visual Surveillance -- Virtual Reality. 330 $aThe two volume set LNCS 10072 and LNCS 10073 constitutes the refereed proceedings of the 12th International Symposium on Visual Computing, ISVC 2016, held in Las Vegas, NV, USA in December 2016. The 102 revised full papers and 34 poster papers presented in this book were carefully reviewed and selected from 220 submissions. The papers are organized in topical sections: Part I (LNCS 10072) comprises computational bioimaging; computer graphics; motion and tracking; segmentation; pattern recognition; visualization; 3D mapping; modeling and surface reconstruction; advancing autonomy for aerial robotics; medical imaging; virtual reality; computer vision as a service; visual perception and robotic systems; and biometrics. Part II (LNCS 9475): applications; visual surveillance; computer graphics; and virtual reality. 410 0$aImage Processing, Computer Vision, Pattern Recognition, and Graphics,$x3004-9954 ;$v10073 606 $aPattern recognition systems 606 $aComputer vision 606 $aComputer graphics 606 $aArtificial intelligence 606 $aComputers, Special purpose 606 $aData protection 606 $aAutomated Pattern Recognition 606 $aComputer Vision 606 $aComputer Graphics 606 $aArtificial Intelligence 606 $aSpecial Purpose and Application-Based Systems 606 $aData and Information Security 615 0$aPattern recognition systems. 615 0$aComputer vision. 615 0$aComputer graphics. 615 0$aArtificial intelligence. 615 0$aComputers, Special purpose. 615 0$aData protection. 615 14$aAutomated Pattern Recognition. 615 24$aComputer Vision. 615 24$aComputer Graphics. 615 24$aArtificial Intelligence. 615 24$aSpecial Purpose and Application-Based Systems. 615 24$aData and Information Security. 676 $a004.0151 702 $aBebis$b George$4edt$4http://id.loc.gov/vocabulary/relators/edt 702 $aBoyle$b Richard$4edt$4http://id.loc.gov/vocabulary/relators/edt 702 $aParvin$b Bahram$4edt$4http://id.loc.gov/vocabulary/relators/edt 702 $aKoracin$b Darko$4edt$4http://id.loc.gov/vocabulary/relators/edt 702 $aPorikli$b Fatih$4edt$4http://id.loc.gov/vocabulary/relators/edt 702 $aSkaff$b Sandra$4edt$4http://id.loc.gov/vocabulary/relators/edt 702 $aEntezari$b Alireza$4edt$4http://id.loc.gov/vocabulary/relators/edt 702 $aMin$b Jianyuan$4edt$4http://id.loc.gov/vocabulary/relators/edt 702 $aIwai$b Daisuke$4edt$4http://id.loc.gov/vocabulary/relators/edt 702 $aSadagic$b Amela$4edt$4http://id.loc.gov/vocabulary/relators/edt 702 $aScheidegger$b Carlos$4edt$4http://id.loc.gov/vocabulary/relators/edt 702 $aIsenberg$b Tobias$4edt$4http://id.loc.gov/vocabulary/relators/edt 801 0$bMiAaPQ 801 1$bMiAaPQ 801 2$bMiAaPQ 906 $aBOOK 912 $a9910484135303321 996 $aAdvances in Visual Computing$9772261 997 $aUNINA